<?xml version="1.0" encoding="UTF-8"?>
<collection xmlns="http://www.loc.gov/MARC21/slim">
 <record>
  <leader>06461cam a2201033 c 4500</leader>
  <controlfield tag="001">1683761219</controlfield>
  <controlfield tag="003">DE-627</controlfield>
  <controlfield tag="005">20260418125735.0</controlfield>
  <controlfield tag="007">tu</controlfield>
  <controlfield tag="008">191128s2020    gw |||||      00| ||ger c</controlfield>
  <datafield tag="015" ind1=" " ind2=" ">
   <subfield code="a">19,N48</subfield>
   <subfield code="2">dnb</subfield>
  </datafield>
  <datafield tag="015" ind1=" " ind2=" ">
   <subfield code="a">19,N48</subfield>
   <subfield code="2">dnb</subfield>
  </datafield>
  <datafield tag="016" ind1="7" ind2=" ">
   <subfield code="a">1200040805</subfield>
   <subfield code="2">DE-101</subfield>
  </datafield>
  <datafield tag="020" ind1=" " ind2=" ">
   <subfield code="a">9783835336551</subfield>
   <subfield code="q">Broschur : circa EUR 14.90 (DE), circa EUR 15.40 (AT)</subfield>
   <subfield code="9">978-3-8353-3655-1</subfield>
  </datafield>
  <datafield tag="020" ind1=" " ind2=" ">
   <subfield code="a">383533655X</subfield>
   <subfield code="9">3-8353-3655-X</subfield>
  </datafield>
  <datafield tag="024" ind1="3" ind2=" ">
   <subfield code="a">9783835336551</subfield>
  </datafield>
  <datafield tag="035" ind1=" " ind2=" ">
   <subfield code="a">(DE-627)1683761219</subfield>
  </datafield>
  <datafield tag="035" ind1=" " ind2=" ">
   <subfield code="a">(DE-603)461057727</subfield>
  </datafield>
  <datafield tag="035" ind1=" " ind2=" ">
   <subfield code="a">(DE-599)DNB1200040805</subfield>
  </datafield>
  <datafield tag="035" ind1=" " ind2=" ">
   <subfield code="a">(OCoLC)1164632557</subfield>
  </datafield>
  <datafield tag="035" ind1=" " ind2=" ">
   <subfield code="a">(OCoLC)1158431661</subfield>
  </datafield>
  <datafield tag="035" ind1=" " ind2=" ">
   <subfield code="a">(OCoLC)1157232788</subfield>
  </datafield>
  <datafield tag="040" ind1=" " ind2=" ">
   <subfield code="a">DE-627</subfield>
   <subfield code="b">ger</subfield>
   <subfield code="c">DE-627</subfield>
   <subfield code="e">rda</subfield>
  </datafield>
  <datafield tag="041" ind1=" " ind2=" ">
   <subfield code="a">ger</subfield>
  </datafield>
  <datafield tag="044" ind1=" " ind2=" ">
   <subfield code="c">XA-DE-NI</subfield>
  </datafield>
  <datafield tag="072" ind1=" " ind2="7">
   <subfield code="a">Literaturwissenschaft</subfield>
   <subfield code="2">bicssc</subfield>
  </datafield>
  <datafield tag="082" ind1="0" ind2=" ">
   <subfield code="a">830.9384</subfield>
   <subfield code="q">DE-101</subfield>
  </datafield>
  <datafield tag="082" ind1="0" ind2="4">
   <subfield code="a">830</subfield>
   <subfield code="a">800</subfield>
   <subfield code="q">DE-101</subfield>
  </datafield>
  <datafield tag="084" ind1=" " ind2=" ">
   <subfield code="a">EC 1980</subfield>
   <subfield code="q">DE-14/sred</subfield>
   <subfield code="2">rvk</subfield>
   <subfield code="0">(DE-625)rvk/20454:</subfield>
  </datafield>
  <datafield tag="084" ind1=" " ind2=" ">
   <subfield code="a">EC 5410</subfield>
   <subfield code="2">rvk</subfield>
   <subfield code="0">(DE-625)rvk/20606:</subfield>
  </datafield>
  <datafield tag="084" ind1=" " ind2=" ">
   <subfield code="a">GE 6086</subfield>
   <subfield code="2">rvk</subfield>
   <subfield code="0">(DE-625)rvk/39160:</subfield>
  </datafield>
  <datafield tag="084" ind1=" " ind2=" ">
   <subfield code="a">EC 7325</subfield>
   <subfield code="2">rvk</subfield>
   <subfield code="0">(DE-625)rvk/20792:</subfield>
  </datafield>
  <datafield tag="084" ind1=" " ind2=" ">
   <subfield code="a">GB 1750</subfield>
   <subfield code="2">rvk</subfield>
   <subfield code="0">(DE-625)rvk/38075:</subfield>
  </datafield>
  <datafield tag="084" ind1=" " ind2=" ">
   <subfield code="a">17.89</subfield>
   <subfield code="2">bkl</subfield>
  </datafield>
  <datafield tag="084" ind1=" " ind2=" ">
   <subfield code="a">18.00</subfield>
   <subfield code="2">bkl</subfield>
  </datafield>
  <datafield tag="084" ind1=" " ind2=" ">
   <subfield code="a">17.93</subfield>
   <subfield code="2">bkl</subfield>
  </datafield>
  <datafield tag="100" ind1="1" ind2=" ">
   <subfield code="a">Burdorf, Dieter</subfield>
   <subfield code="d">1960-</subfield>
   <subfield code="e">VerfasserIn</subfield>
   <subfield code="0">(DE-588)115715398</subfield>
   <subfield code="0">(DE-627)077424239</subfield>
   <subfield code="0">(DE-576)17032916X</subfield>
   <subfield code="4">aut</subfield>
  </datafield>
  <datafield tag="245" ind1="1" ind2="0">
   <subfield code="a">Zerbrechlichkeit</subfield>
   <subfield code="b">über Fragmente in der Literatur</subfield>
   <subfield code="c">Dieter Burdorf</subfield>
  </datafield>
  <datafield tag="264" ind1=" " ind2="1">
   <subfield code="a">Göttingen</subfield>
   <subfield code="b">Wallstein Verlag</subfield>
   <subfield code="c">[2020]</subfield>
  </datafield>
  <datafield tag="264" ind1=" " ind2="4">
   <subfield code="c">© 2020</subfield>
  </datafield>
  <datafield tag="300" ind1=" " ind2=" ">
   <subfield code="a">135 Seiten</subfield>
   <subfield code="b">Illustrationen</subfield>
   <subfield code="c">21 cm</subfield>
  </datafield>
  <datafield tag="336" ind1=" " ind2=" ">
   <subfield code="a">Text</subfield>
   <subfield code="b">txt</subfield>
   <subfield code="2">rdacontent</subfield>
  </datafield>
  <datafield tag="337" ind1=" " ind2=" ">
   <subfield code="a">ohne Hilfsmittel zu benutzen</subfield>
   <subfield code="b">n</subfield>
   <subfield code="2">rdamedia</subfield>
  </datafield>
  <datafield tag="338" ind1=" " ind2=" ">
   <subfield code="a">Band</subfield>
   <subfield code="b">nc</subfield>
   <subfield code="2">rdacarrier</subfield>
  </datafield>
  <datafield tag="490" ind1="1" ind2=" ">
   <subfield code="a">Kleine Schriften zur literarischen Ästhetik und Hermeneutik</subfield>
   <subfield code="v">Bd. 12</subfield>
  </datafield>
  <datafield tag="583" ind1="1" ind2=" ">
   <subfield code="a">Archivierung/Langzeitarchivierung gewährleistet</subfield>
   <subfield code="f">PENI</subfield>
   <subfield code="x">XA-DE-NI</subfield>
   <subfield code="2">pdager</subfield>
   <subfield code="5">DE-35</subfield>
  </datafield>
  <datafield tag="650" ind1="0" ind2="7">
   <subfield code="0">(DE-588)4113292-0</subfield>
   <subfield code="0">(DE-627)105830437</subfield>
   <subfield code="0">(DE-576)209475285</subfield>
   <subfield code="a">Deutsch</subfield>
   <subfield code="2">gnd</subfield>
  </datafield>
  <datafield tag="650" ind1="0" ind2="7">
   <subfield code="0">(DE-588)4035964-5</subfield>
   <subfield code="0">(DE-627)106245015</subfield>
   <subfield code="0">(DE-576)209015608</subfield>
   <subfield code="a">Literatur</subfield>
   <subfield code="2">gnd</subfield>
  </datafield>
  <datafield tag="650" ind1="0" ind2="7">
   <subfield code="0">(DE-588)4199218-0</subfield>
   <subfield code="0">(DE-627)105182664</subfield>
   <subfield code="0">(DE-576)210127244</subfield>
   <subfield code="a">Ruine</subfield>
   <subfield code="g">Motiv</subfield>
   <subfield code="2">gnd</subfield>
  </datafield>
  <datafield tag="650" ind1="0" ind2="7">
   <subfield code="0">(DE-588)4187702-0</subfield>
   <subfield code="0">(DE-627)105270148</subfield>
   <subfield code="0">(DE-576)210047569</subfield>
   <subfield code="a">Vergänglichkeit</subfield>
   <subfield code="g">Motiv</subfield>
   <subfield code="2">gnd</subfield>
  </datafield>
  <datafield tag="650" ind1="0" ind2="7">
   <subfield code="0">(DE-588)4155137-0</subfield>
   <subfield code="0">(DE-627)104151048</subfield>
   <subfield code="0">(DE-576)209816597</subfield>
   <subfield code="a">Fragment</subfield>
   <subfield code="2">gnd</subfield>
  </datafield>
  <datafield tag="689" ind1="0" ind2="0">
   <subfield code="d">s</subfield>
   <subfield code="0">(DE-588)4113292-0</subfield>
   <subfield code="0">(DE-627)105830437</subfield>
   <subfield code="0">(DE-576)209475285</subfield>
   <subfield code="a">Deutsch</subfield>
   <subfield code="2">gnd</subfield>
  </datafield>
  <datafield tag="689" ind1="0" ind2="1">
   <subfield code="d">s</subfield>
   <subfield code="0">(DE-588)4035964-5</subfield>
   <subfield code="0">(DE-627)106245015</subfield>
   <subfield code="0">(DE-576)209015608</subfield>
   <subfield code="a">Literatur</subfield>
   <subfield code="2">gnd</subfield>
  </datafield>
  <datafield tag="689" ind1="0" ind2="2">
   <subfield code="d">s</subfield>
   <subfield code="0">(DE-588)4199218-0</subfield>
   <subfield code="0">(DE-627)105182664</subfield>
   <subfield code="0">(DE-576)210127244</subfield>
   <subfield code="a">Ruine</subfield>
   <subfield code="g">Motiv</subfield>
   <subfield code="2">gnd</subfield>
  </datafield>
  <datafield tag="689" ind1="0" ind2="3">
   <subfield code="d">s</subfield>
   <subfield code="0">(DE-588)4187702-0</subfield>
   <subfield code="0">(DE-627)105270148</subfield>
   <subfield code="0">(DE-576)210047569</subfield>
   <subfield code="a">Vergänglichkeit</subfield>
   <subfield code="g">Motiv</subfield>
   <subfield code="2">gnd</subfield>
  </datafield>
  <datafield tag="689" ind1="0" ind2=" ">
   <subfield code="5">DE-101</subfield>
  </datafield>
  <datafield tag="689" ind1="1" ind2="0">
   <subfield code="d">s</subfield>
   <subfield code="0">(DE-588)4035964-5</subfield>
   <subfield code="0">(DE-627)106245015</subfield>
   <subfield code="0">(DE-576)209015608</subfield>
   <subfield code="a">Literatur</subfield>
   <subfield code="2">gnd</subfield>
  </datafield>
  <datafield tag="689" ind1="1" ind2="1">
   <subfield code="d">s</subfield>
   <subfield code="0">(DE-588)4155137-0</subfield>
   <subfield code="0">(DE-627)104151048</subfield>
   <subfield code="0">(DE-576)209816597</subfield>
   <subfield code="a">Fragment</subfield>
   <subfield code="2">gnd</subfield>
  </datafield>
  <datafield tag="689" ind1="1" ind2=" ">
   <subfield code="5">DE-101</subfield>
  </datafield>
  <datafield tag="776" ind1="1" ind2=" ">
   <subfield code="z">9783835344747</subfield>
  </datafield>
  <datafield tag="776" ind1="0" ind2="8">
   <subfield code="i">Erscheint auch als</subfield>
   <subfield code="n">Online-Ausgabe</subfield>
   <subfield code="a">Burdorf, Dieter, 1960 - </subfield>
   <subfield code="t">Zerbrechlichkeit</subfield>
   <subfield code="d">Göttingen : Wallstein Verlag, 2020</subfield>
   <subfield code="h">1 Online-Ressource (135 Seiten)</subfield>
   <subfield code="w">(DE-627)1726567265</subfield>
   <subfield code="z">9783835344747</subfield>
  </datafield>
  <datafield tag="787" ind1="0" ind2="8">
   <subfield code="i">Rezensiert in</subfield>
   <subfield code="a">Helmes, Günter, 1954 - </subfield>
   <subfield code="t">Weit mehr als ein Bruchstück</subfield>
   <subfield code="d">2020</subfield>
   <subfield code="w">(DE-627)1728604958</subfield>
  </datafield>
  <datafield tag="787" ind1="0" ind2="8">
   <subfield code="i">Rezensiert in</subfield>
   <subfield code="a">Braun, Michael, 1937 - </subfield>
   <subfield code="t">[Rezension von: Burdorf, Dieter, 1960-, Zerbrechlichkeit]</subfield>
   <subfield code="d">2021</subfield>
   <subfield code="w">(DE-627)1767280793</subfield>
  </datafield>
  <datafield tag="787" ind1="0" ind2="8">
   <subfield code="i">Rezensiert in</subfield>
   <subfield code="a">Haffter, Christoph, 1988 - </subfield>
   <subfield code="t">[Rezension von: Dieter Burdorf, Zerbrechlichkeit. Über Fragmente in der Literatur]</subfield>
   <subfield code="d">2022</subfield>
   <subfield code="w">(DE-627)1878209434</subfield>
  </datafield>
  <datafield tag="787" ind1="0" ind2="8">
   <subfield code="i">Rezensiert in</subfield>
   <subfield code="w">(DE-603)471436933</subfield>
  </datafield>
  <datafield tag="830" ind1=" " ind2="0">
   <subfield code="a">Kleine Schriften zur literarischen Ästhetik und Hermeneutik</subfield>
   <subfield code="v">Bd. 12</subfield>
   <subfield code="9">12</subfield>
   <subfield code="w">(DE-627)726121665</subfield>
   <subfield code="w">(DE-576)372147283</subfield>
   <subfield code="w">(DE-600)2681523-0</subfield>
   <subfield code="7">am</subfield>
  </datafield>
  <datafield tag="856" ind1="4" ind2="2">
   <subfield code="u">http://deposit.dnb.de/cgi-bin/dokserv?id=426db18877f24cd5abf05350e262440b&amp;prov=M&amp;dok_var=1&amp;dok_ext=htm</subfield>
   <subfield code="m">X:MVB</subfield>
   <subfield code="q">text/html</subfield>
   <subfield code="v">2019-11-28</subfield>
   <subfield code="x">Verlag</subfield>
   <subfield code="3">Inhaltstext</subfield>
   <subfield code="7">1</subfield>
  </datafield>
  <datafield tag="856" ind1="4" ind2="2">
   <subfield code="u">https://d-nb.info/1200040805/04</subfield>
   <subfield code="m">B:DE-101</subfield>
   <subfield code="q">application/pdf</subfield>
   <subfield code="v">2021-10-06</subfield>
   <subfield code="x">Verlag</subfield>
   <subfield code="3">Inhaltsverzeichnis</subfield>
   <subfield code="7">1</subfield>
  </datafield>
  <datafield tag="856" ind1="4" ind2="2">
   <subfield code="u">https://literaturkritik.de/public/rezension.php?rez_id=26998</subfield>
   <subfield code="3">Rezension</subfield>
   <subfield code="7">1</subfield>
  </datafield>
  <datafield tag="935" ind1=" " ind2=" ">
   <subfield code="a">IHoeB</subfield>
  </datafield>
  <datafield tag="936" ind1="r" ind2="v">
   <subfield code="a">EC 1980</subfield>
   <subfield code="b">Ästhetik des Häßlichen</subfield>
   <subfield code="k">Allgemeine und vergleichende Sprach- und Literaturwissenschaft. Indogermanistik. Außereuropäische Sprachen und Literaturen</subfield>
   <subfield code="k">Allgemeine und vergleichende Literaturwissenschaft.</subfield>
   <subfield code="k">Literaturtheorie, Literaturphilosophie, Literaturästhetik</subfield>
   <subfield code="k">Einzelne Probleme</subfield>
   <subfield code="k">Literaturästhetiken</subfield>
   <subfield code="k">Ästhetik des Häßlichen</subfield>
   <subfield code="0">(DE-627)1270748963</subfield>
   <subfield code="0">(DE-625)rvk/20454:</subfield>
   <subfield code="0">(DE-576)200748963</subfield>
  </datafield>
  <datafield tag="936" ind1="r" ind2="v">
   <subfield code="a">EC 5410</subfield>
   <subfield code="b">Einzelne Stoffe und Motive</subfield>
   <subfield code="k">Allgemeine und vergleichende Sprach- und Literaturwissenschaft. Indogermanistik. Außereuropäische Sprachen und Literaturen</subfield>
   <subfield code="k">Allgemeine und vergleichende Literaturwissenschaft.</subfield>
   <subfield code="k">Literaturgeschichte</subfield>
   <subfield code="k">Stoff- und Motivgeschichte</subfield>
   <subfield code="k">Einzelne Stoffe und Motive</subfield>
   <subfield code="0">(DE-627)1270710796</subfield>
   <subfield code="0">(DE-625)rvk/20606:</subfield>
   <subfield code="0">(DE-576)200710796</subfield>
  </datafield>
  <datafield tag="936" ind1="r" ind2="v">
   <subfield code="a">GE 6086</subfield>
   <subfield code="b">Aphorismus, Fragment</subfield>
   <subfield code="k">Germanistik. Niederlandistik. Skandinavistik</subfield>
   <subfield code="k">Deutsche Literatur</subfield>
   <subfield code="k">Literaturgeschichte</subfield>
   <subfield code="k">Geschichte der literarischen Gattungen</subfield>
   <subfield code="k">Epik</subfield>
   <subfield code="k">Erzählende Prosa</subfield>
   <subfield code="k">Aphorismus, Fragment</subfield>
   <subfield code="0">(DE-627)1270859706</subfield>
   <subfield code="0">(DE-625)rvk/39160:</subfield>
   <subfield code="0">(DE-576)200859706</subfield>
  </datafield>
  <datafield tag="936" ind1="r" ind2="v">
   <subfield code="a">EC 7325</subfield>
   <subfield code="b">Fragment</subfield>
   <subfield code="k">Allgemeine und vergleichende Sprach- und Literaturwissenschaft. Indogermanistik. Außereuropäische Sprachen und Literaturen</subfield>
   <subfield code="k">Allgemeine und vergleichende Literaturwissenschaft.</subfield>
   <subfield code="k">Literaturgeschichte</subfield>
   <subfield code="k">Geschichte der Literaturgattungen (literarischen Gattungen)</subfield>
   <subfield code="k">Epik</subfield>
   <subfield code="k">Prosa</subfield>
   <subfield code="k">Einfache Formen  (Kleinformen)</subfield>
   <subfield code="k">Fragment</subfield>
   <subfield code="0">(DE-627)1270777890</subfield>
   <subfield code="0">(DE-625)rvk/20792:</subfield>
   <subfield code="0">(DE-576)200777890</subfield>
  </datafield>
  <datafield tag="936" ind1="r" ind2="v">
   <subfield code="a">GB 1750</subfield>
   <subfield code="b">Sammelwerke und kleinere Schriften von einem Verfasser</subfield>
   <subfield code="k">Germanistik. Niederlandistik. Skandinavistik</subfield>
   <subfield code="k">Germanistik. Allgemeines</subfield>
   <subfield code="k">Sammelwerke und kleinere Schriften von einem Verfasser</subfield>
   <subfield code="0">(DE-627)1270641409</subfield>
   <subfield code="0">(DE-625)rvk/38075:</subfield>
   <subfield code="0">(DE-576)200641409</subfield>
  </datafield>
  <datafield tag="936" ind1="b" ind2="k">
   <subfield code="a">17.89</subfield>
   <subfield code="j">Literaturtheorie: Sonstiges</subfield>
   <subfield code="0">(DE-627)106404466</subfield>
  </datafield>
  <datafield tag="936" ind1="b" ind2="k">
   <subfield code="a">18.00</subfield>
   <subfield code="j">Einzelne Sprachen und Literaturen allgemein</subfield>
   <subfield code="0">(DE-627)106405403</subfield>
  </datafield>
  <datafield tag="936" ind1="b" ind2="k">
   <subfield code="a">17.93</subfield>
   <subfield code="j">Literarische Stoffe</subfield>
   <subfield code="j">literarische Motive</subfield>
   <subfield code="j">literarische Themen</subfield>
   <subfield code="0">(DE-627)106404490</subfield>
  </datafield>
  <datafield tag="936" ind1="s" ind2="n">
   <subfield code="a">e100</subfield>
   <subfield code="2">mzub</subfield>
  </datafield>
  <datafield tag="936" ind1="s" ind2="n">
   <subfield code="a">g100</subfield>
   <subfield code="2">mzub</subfield>
  </datafield>
  <datafield tag="951" ind1=" " ind2=" ">
   <subfield code="a">BO</subfield>
  </datafield>
  <datafield tag="990" ind1=" " ind2=" ">
   <subfield code="a">Deutsch</subfield>
  </datafield>
  <datafield tag="990" ind1=" " ind2=" ">
   <subfield code="a">Literatur</subfield>
  </datafield>
  <datafield tag="990" ind1=" " ind2=" ">
   <subfield code="a">Ruine</subfield>
  </datafield>
  <datafield tag="990" ind1=" " ind2=" ">
   <subfield code="a">Vergänglichkeit</subfield>
  </datafield>
  <datafield tag="990" ind1=" " ind2=" ">
   <subfield code="a">Literatur</subfield>
  </datafield>
  <datafield tag="990" ind1=" " ind2=" ">
   <subfield code="a">Fragment</subfield>
  </datafield>
  <datafield tag="991" ind1=" " ind2=" ">
   <subfield code="a">Rezensiertes Werk</subfield>
  </datafield>
  <datafield tag="999" ind1=" " ind2=" ">
   <subfield code="a">KXP-PPN1683761219</subfield>
   <subfield code="e">4967440711</subfield>
  </datafield>
 </record>
</collection>
